Taking cash out of the closely - held corporation : Tax opportunities, strategies and techniques

Bibliographic Details
Main Author: Silton, Lawrence C.
Format: Book
Published: Englewood Cliffs, N. J. : Institute for Business Planning , 1983
Edition:2nd. ed.
Subjects:

MARC

LEADER 00000cam a2200000 7i4500
001 0000002865
005 20050629.0
020 |a 0876245351 
040 |a INS 
090 0 0 |a KF6484   |b S54 1983 
100 1 |a Silton, Lawrence C. 
245 1 0 |a Taking cash out of the closely - held corporation :   |b Tax opportunities, strategies and techniques   |c Lawrence C. Silton 
250 |a 2nd. ed. 
260 |a Englewood Cliffs, N. J. :   |b Institute for Business Planning ,   |c 1983 
300 |a xiiip :   |b 1010p ;   |c 29cm. 
650 0 0 |a Close corporations   |x taxation   |z United States 
999 |a 0000000986   |b BOOK   |c Open Shelf   |e Default branch